مكتبة جامعة عجلون الوطنية

فهرس بحث المكتبة

قواعد بيانات أوراكل 11 جي،المرجع الشامل = Oracle database11G : The complete Reference (Record no. 22782)

MARC details
000 -LEADER
fixed length control field 00990nam a2200229Ii 4500
003 - CONTROL NUMBER IDENTIFIER
control field JO-AjNU
008 - FIXED-LENGTH DATA ELEMENTS--GENERAL INFORMATION
fixed length control field 230605s9999||||xx |||||||||||||| ||und||
017 ## - COPYRIGHT OR LEGAL DEPOSIT NUMBER
Copyright or legal deposit number 2009/23826
020 ## - INTERNATIONAL STANDARD BOOK NUMBER
International Standard Book Number 978-977-408-837-4
040 ## - CATALOGING SOURCE
Original cataloging agency JO-AjNU
Language of cataloging ara
Description conventions rda
Transcribing agency JO-AjNU
041 ## - LANGUAGE CODE
Language code of text/sound track or separate title ara
050 14 - LIBRARY OF CONGRESS CALL NUMBER
Classification number QA76.9.D3 L6612 2010
100 3# - MAIN ENTRY--PERSONAL NAME
Personal name تأليف لوني، كيفين؛ ترجمة خالد العامري,
Relator term author
9 (RLIN) 44489
245 00 - TITLE STATEMENT
Title قواعد بيانات أوراكل 11 جي،المرجع الشامل = Oracle database11G : The complete Reference
250 ## - EDITION STATEMENT
Edition statement الطبعة العربية الأولى 2010
264 31 - PRODUCTION, PUBLICATION, DISTRIBUTION, MANUFACTURE, AND COPYRIGHT NOTICE
Place of production, publication, distribution, manufacture القاهرة: دار الفاروق، 2010
300 ## - PHYSICAL DESCRIPTION
Extent 1959ص
336 ## - CONTENT TYPE
Content type term text
Content type code txt
Source rdacontent
337 ## - MEDIA TYPE
Media type term unmediated
Media type code n
Source rdamedia
338 ## - CARRIER TYPE
Carrier type term volume
Carrier type code nc
Source rdacarrier
650 #4 - SUBJECT ADDED ENTRY--TOPICAL TERM
Topical term or geographic name entry element أوراكل (لغة برمجة) -- البرمجة (حاسبات إلكترونية) -- الحاسبات الإلكترونية -- لغات -- قواعد البيانات
9 (RLIN) 44490
Holdings
Withdrawn status Lost status Source of classification or shelving scheme Damaged status Not for loan Home library Current library Shelving location Date acquired Total Checkouts Full call number Barcode Date last seen Price effective from Koha item type
    Library of Congress Classification     مكتبة جامعة عجلون الوطنية مكتبة جامعة عجلون الوطنية المراجع 06/06/2023   QA76.9.D3 L6612 2010 A19214 06/06/2023 06/06/2023 Reference